Κατάλογος Βιβλιοθηκών Mediterranean College

Introduction to Modern Business / Issues and Environment (Record no. 983)

MARC details
000 -LEADER
fixed length control field 02500cam a22002294a 4500
005 - ΗΜΕΡΟΜΗΝΙΑ ΚΑΙ ΩΡΑ ΤΕΛΕΥΤΑΙΑΣ ΕΝΗΜΕΡΩΣΗΣ
Πεδίο ελέγχου 20250605163952.0
008 - FIXED-LENGTH DATA ELEMENTS--GENERAL INFORMATION
Πεδίο ελέγχου σταθερού μήκους 250528s ||||||||||||||||||||||||d
035 ## - SYSTEM CONTROL NUMBER
System control number 15399
020 ## - ISBN
ISBN 134880722
040 ## - ΠΗΓΗ ΚΑΤΑΛΟΓΟΓΡΑΦΗΣΗΣ
Φορέας πρωτότυπης καταλογογράφησης MC Athens Campus Library
Γλώσσα καταλογογράφησης Ελληνικά, Μοντέρνα (1453-)
Modifying agency MC Athens Campus Library
Κανόνες περιγραφικής καταλογογράφησης AACR2
245 1# - ΤΙΤΛΟΣ ΚΑΙ ΔΗΛΩΣΗ ΥΠΕΥΘΥΝΟΤΗΤΑΣ
Τίτλος Introduction to Modern Business / Issues and Environment
250 ## - EDITION STATEMENT
Edition statement 8th
260 ## - PUBLICATION, DISTRIBUTION, ETC.
Name of publisher, distributor, etc. Prentice Hall,
Date of publication, distribution, etc. 1981
300 ## - PHYSICAL DESCRIPTION
Extent 642
505 0# - FORMATTED CONTENTS NOTE
Formatted contents note Preface, Business and Its Environment, Business and Our Economic System,Business and Society, Ownership and Management and Organization, Business Ownership Forms, General Business Management, Organizational Structure and Behavior, Small Business Management and Franchising, People and Production, Human Resource Management, Labor-Management Relations, Production and Operations Management, Physical Distribution and Energy, Marketing, The Marketing Process, Product Development and Marketing Channels, Pricing and Promotion Strategy, Financing and Insuring the Enterprise, Business Finance and Investments, Credits and the Banking System, Risk Management and Insurance, Information and Decision Making, Accounting and Financial Statements, Information Management and Computers, Information and Decision Making, Government and World Business The Government's Rle in Business, International Business, Career Development in Business, Selected References, Glossary, Index.
520 ## - SUMMARY, ETC.
Summary, etc. Preface, Business and Its Environment, Business and Our Economic System,Business and Society, Ownership and Management and Organization, Business Ownership Forms, General Business Management, Organizational Structure and Behavior, Small Business Management and Franchising, People and Production, Human Resource Management, Labor-Management Relations, Production and Operations Management, Physical Distribution and Energy, Marketing, The Marketing Process, Product Development and Marketing Channels, Pricing and Promotion Strategy, Financing and Insuring the Enterprise, Business Finance and Investments, Credits and the Banking System, Risk Management and Insurance, Information and Decision Making, Accounting and Financial Statements, Information Management and Computers, Information and Decision Making, Government and World Business The Government's Rle in Business, International Business, Career Development in Business, Selected References, Glossary, Index.
700 1# - ΠΡΟΣΘΕΤΗ ΑΝΑΓΡΑΦΗ--ΦΥΣΙΚΟ ΠΡΟΣΩΠΟ
Personal name Hughes H. Eugene
9 (RLIN) 1316
700 1# - ΠΡΟΣΘΕΤΗ ΑΝΑΓΡΑΦΗ--ΦΥΣΙΚΟ ΠΡΟΣΩΠΟ
Personal name Musselman A. Vernon
9 (RLIN) 1317
942 ## - ADDED ENTRY ELEMENTS (KOHA)
Koha item type Books
Holdings
Τύπος τεκμηρίου Βιβλιοθήκη Τρέχουσα τοποθεσία Barcode Αριθμός εισαγωγής Ημερομηνία απόκτησης Ταξιθετικό σύμβολο Αριθμός αντιτύπου Κατάσταση απόσυρσης Κατάσταση χαμένου Κατάσταση κατεστραμμένου Μη δανεισμός Σύνολο δανεισμών Ημερομηνία τελευταίας εμφάνισης Η τιμή ισχύει από
Books MC Athens Campus Library MC Athens Campus Library 9780000009821 1654 05/06/2025 658.4/00973 MUS 1           05/06/2025 05/06/2025

MC Athens Campus Library
Πατησίων 94 & Κοδριγκτώνος 13, 104 34
Πελλήνης 8 & Πατησίων 107, 112 51
Τ: +30 210 8899600

MC Thessaloniki Campus Library
Ίωνος Δραγούμη 21, 54625 | Ίωνος Δραγούμη 15, 54625
Τ: +30 2310 287779 – Τ: +30 2314 440300